Time : (Record no. 144176)

MARC details
000 -LEADER
fixed length control field 00534nam a22001817a 4500
010 ## - LCCN (DPL NO)
LC control number ENG-120512
020 ## - INTERNATIONAL STANDARD BOOK NUMBER
International Standard Book Number 9788189392154
Terms of availability 1000.00
035 ## - SYSTEM CONTROL NUMBER
System control number EN-104044
037 ## - SOURCE OF ACQUISITION
Source of stock number/acquisition DBAD/PUB
082 ## - DEWEY DECIMAL CLASSIFICATION NUMBER
Classification number 115
100 ## - MAIN ENTRY--PERSONAL NAME
Personal name Barthakur, Jitendra Kumar
245 ## - TITLE STATEMENT
Title Time :
Statement of responsibility, etc by Jitendra Kumar Barthakur /
Remainder of title second revised edition
260 ## - PUBLICATION, DISTRIBUTION, ETC. (IMPRINT)
Place of publication, distribution, etc New Delhi
Name of publisher, distributor, etc Kumud Books
Date of publication, distribution, etc 2012
270 ## - ADDRESS
Address C8/8806 Vasant,
City Delhi
Postal code 110070
300 ## - PHYSICAL DESCRIPTION
Extent 454p.
Dimensions 22cm(Hb).
500 ## - GENERAL NOTE
General note Includes index
942 ## - ADDED ENTRY ELEMENTS (KOHA)
Source of classification or shelving scheme Dewey Decimal Classification
Item type English Books
Classification part 320.840954
Call number suffix GAN
Holdings
Withdrawn status Lost status Not for loan Collection code Home library Current library Date acquired Source of acquisition Cost, normal purchase price Full call number Barcode Copy number Cost, replacement price Koha item type
      Non-fiction Sarojini Nagar Sarojini Nagar 07/09/2017 DBAD/PUB 1000.00 320.840954 GAN EN-104044 1 1000.00 English Books

© Delhi Public Library
Hit Counter
free hit counter